Представление документа в формате RUSMARC

Поле Инд. ПП Название Значение
Тип записи a
Библиографический уровень a
001 Контрольный номер b78db3f2aa5d4756b103379d978d6f84
005 Дата корректировки 20231006121942.8
100 a Данные общей обработки 20210507 ||| 0rusy0189 ca
101 0_ a Язык текста rus
102 a Страна публикации RU
200 1_ f Первые сведения об ответственности Е.Ю. Четвертакова
a Заглавие Проблемы квалификации приобретения наркотических средств по признакам объективной стороны
b Общее обозначение материала Текст
203 a Вид содержания Текст : электронный
210 1_ d Дата издания 2021
300 a Общие примечания Чтение статьи доступно в Источнике
336 a Примечание о виде электронного ресурса PDF
461 _0 1 2000
a Российское правосудие
463 _0 1 2000
a № 4
b Электронный ресурс
v С. 93-100
1 2101
d 2021
1 001c3db13c769004ff984fa6a89fbb06bb6
1 203
a Текст : электронный
606 a Основная рубрика Право. Юридические науки
x Основная подрубрика Уголовное право
610 0_ a Ключевые слова РГУП.
a Ключевые слова КВАЛИФИКАЦИЯ ПРЕСТУПЛЕНИЯ
a Ключевые слова СОСТАВ ПРЕСТУПЛЕНИЯ
a Ключевые слова НАРКОТИКИ НЕЗАКОННЫЙ ОБОРОТ
700 _1 a Фамилия Четвертакова
b Имя Е.Ю.
801 _0 a Страна RU
b Организация РГУП
c Дата составления 20210507
g Правила каталогизации PSBO
801 _1 a Страна RU
b Организация РГУП
c Дата составления 20210507
g Правила каталогизации PSBO
901 t Тип документа b
w Контрольный № источника c3db13c769004ff984fa6a89fbb06bb6
905 a Дата ввода 20210507
952 k Публикации кафедры Уголовного права